Stati dei Balcani - Statistics

Statistiche generali
  • Questo quiz è stato fatto 80 volte
  • Il punteggio medio è 10 su 12
Statistiche sulle risposte
Hint Risposta % Corretto
a Albania
91%
m Montenegro
91%
c Croazia
90%
k Kosovo
90%
s Serbia
90%
s Slovenia
89%
b Bosnia e Erzegovina
87%
g Grecia
86%
m Macedonia
86%
b Bulgaria
83%
r Romania
79%
t Turchia
61%
Nessun quiz corrispondente trovato
Distribuzione punteggi
Percentuale di utenti per punteggio
Percentile per numero di risposta
I tuoi punteggi nel tempo
Non hai fatto questo quiz